000 00509nam a2200157 4500
001 131859
003 ES-MaACL
005 20230906194047.0
007 t|
008 070214s1966 sp r ||||1| spa d
100 1 _aRodríguez-Moñino, Antonio.
_998681
245 1 0 _aCurriculum vitae
_b: ; Bibliografía /
_cAntonio Rodríguez-Moñino.
260 _aMadrid :
_b[s. n.],
_c1966 (
_eValencia :
_fArtes Gráf. Soler)
300 _a65 p., 1 lám. = retr. aut. ;
_c27 cm.
852 _aES-MaACL
_jC-30892
_bR.61610
999 _c131859
_d131859